| 000 | 01211nam a2200277 i 4500 | ||
|---|---|---|---|
| 001 | bg | ||
| 245 | 0 | 0 |
_aProblemy badawcze energetyki cieplnej : _bVII konferencja PBEC Warszawa 2005 r. / _corg. Instytut Techniki Cieplnej Politechniki Warszawskiej, Izba Gospodarcza Energetyki i Ochrony Środowiska, Fundacja "Energetyka dla Siebie i Przyszłości". |
| 260 |
_aWarszawa : _bOficyna Wydawnicza PW, _c2005. |
||
| 300 |
_a398 s. : _bfot., rys., wykr. ; _c24 cm. |
||
| 490 | 1 |
_aPrace Naukowe. Mechanika / Politechnika Warszawska, _x0137-2335 ; _vz. 211 |
|
| 500 | _aTekst częśc. ang. Streszcz. ang., pol. przy ref. | ||
| 504 | _aBibliogr. przy ref. | ||
| 650 | 9 |
_aCiepło _xgospodarka |
|
| 650 | 9 | _aTermodynamika techniczna | |
| 655 | _aMateriały konferencyjne | ||
| 710 | 0 |
_aPolitechnika Warszawska _bInstytut Techniki Cieplnej |
|
| 710 | 0 | _aIzba Gospodarcza Energetyki i Ochrony Środowiska | |
| 710 | 0 | _aFundacja "Energetyka dla Siebie i Przyszłości" | |
| 830 | 0 | _aPrace Naukowe. Mechanika (Politechnika Warszawska) | |
| 015 | _aPB 2210/2004 | ||
| 040 | _cBPK | ||
| 041 | 0 |
_apoleng _bengpol |
|
| 080 | _a662.6:621.1.01:536.7](061) | ||
| 942 | _cKS | ||
| 008 | s pl f |000 0 pol | ||
| 999 |
_c51571 _d51571 |
||
| 856 |
_uhttp://koha.tu.koszalin.pl/cgi-bin/koha/opac-detail.pl?biblionumber=51571 _yKatalog online BPK |
||